000 00579nam a2200169 i 4500
001 46634
003 ES-MaACL
005 20230906161424.0
007 t|
008 030331s1972 sp ||||1| spa d
111 2 _aCongreso Obrero Español (
_n1º.
_d1870.
_cBarcelona)
_9568
245 1 0 _aI Congreso Obrero Español
_b: Barcelona, junio, 1870 /
_cestudio preliminar y notas de Víctor Manuel Arbeola.
260 _a[Madrid :
_bs.n.,
_c1972] (
_fImp. Eosgraf)
300 _a374 p. ;
_c20 cm.
700 1 _aArbeola, Víctor Manuel.
_922391
852 _aES-MaACL
_jC-49453
_bR.84085
999 _c46634
_d46634